| 000 | 00576nam a22002417a 4500 | ||
|---|---|---|---|
| 003 | UA-OsUOA | ||
| 001 | 28619 | ||
| 007 | ta | ||
| 008 | 20050413b un ||||| |||| 00| 0 ukr d | ||
| 090 |
_a001 _bН34 |
||
| 942 | _cBK | ||
| 040 |
_aUA-OsUOA _bukr _cUA-OsUOA _dUA-OsUOA |
||
| 245 |
_aНаукові записки _cРед. Л.Булаховський І. |
||
| 300 | _a144 с. | ||
| 955 | _a0 | ||
| 041 | _aukr | ||
| 080 | _a001 | ||
| 260 |
_aК. _bАкадемія наук УРСР _c1946 |
||
| 246 | 3 | 1 |
_aТ. 3 _n |
| 044 | _aUA | ||
| 650 | 7 | _2UDC | |
| 999 |
_c314988 _d314988 |
||